| 000 | 00581nam a22002178a 4500 | ||
|---|---|---|---|
| 008 | |||
| 020 | _a0030074886 (pbk.) | ||
| 049 | _aMAIN | ||
| 090 |
_aQC21.2 _bDAV |
||
| 100 | 1 | _aDavis, Doug. | |
| 245 | 1 | 0 |
_aCollege Physics / _cDoug Davis. |
| 260 |
_aPhiladelphia : _bSaunders College Pub., _c1995. |
||
| 300 |
_axxv, 607 p.: _bill. ; _c26 cm. |
||
| 500 | _aIncludes index. | ||
| 650 | 0 | _aPhysics. | |
| 907 |
_a.b10041515 _b13-06-14 _c17-04-03 |
||
| 003 | |||
| 005 | 20230123133209.0 | ||
| 040 | _cNUST | ||
| 942 |
_cBOOKS _kQC21.2 _mDAV |
||
| 999 |
_c144414 _d144414 |
||